000 00590nam a2200253Ia 4500
003 OSt
005 20220912152006.0
006 a|||||r|||| 00| 0
007 ta
008 220909b |||||||| |||| 00| 0 eng d
024 _a62436
037 _cTextual
040 _aCSL
_beng
_cCSL
041 _aeng
082 _aH1:8:C5, K9
100 _aWahlstrom Ernest E
245 0 _aOptical crystallography
250 _a4
260 _c1969
300 _ap.
_ccm.
650 _aMinerlogy
942 _hH1:8:C5, K9
_cTEXL
_2CC
999 _c78823
_d78823